00400 2200157 4500245006200000020002200062250001100084100001800095650001600113005001900129260003800148041001400186084000800200300002500208336000900233 aMenetaplah , Jangan Sebatas MenemanicJeffry ShandyhText a978-602-1036-72-3 aCet. 1 aJeffry Shandy aNovel Fiksi a20230110150329 aJakartabTransMedia Pustakac2017 aIndonesia a813 ax, 228 hlm. :c19 cm atext